000 00622nam a2200205Ia 4500
005 20260121110030.0
008 008 260114s9999 xx 000 0 hin d
020 _a9788132350422
037 _aEBOOK
040 _aCRL
_bhin
_cCRL
041 _ahin
_2hin
084 _qCRL
100 _aजीतलाल मौर्य / Jeetlal Maurya
_9941214
245 0 _aऔषधि कृषि / Aushadhi Krishi
260 _bभाषा प्रकाशन / Bhasha Prakashan
_c2020
856 _uhttps://bhashaprakashan.com/product-details/378294
942 _cEBOOK
999 _c1532879
_d1532879